Higher education management journal of the programme on Institutional Management in Higher Education

Saved in:
Bibliographic Details
Format: Serial
Language:English
Published: Paris OECD
Series:Education and skills
Subjects:
Tags: Add Tag
No Tags, Be the first to tag this record!

MARC

LEADER 00000nas1a2200000 4500
001 s123768
005 20230526083745.1
022 |a 1013-851X 
041 0 |a eng 
044 |a FR 
245 1 0 |a Higher education management  |b journal of the programme on Institutional Management in Higher Education 
264 1 |a Paris  |b OECD 
490 1 |a Education and skills 
830 0 |a Education and skills 
500 |a Od r. 2002 vychádza pod názvom Higher education management and policy 
610 2 0 |a školy vysoké 
610 2 0 |a manažment 
610 2 0 |a univerzity 
610 2 0 |a OECD publikácie 
610 2 0 |a vzdelávanie